000 02197cam a2200601 i 4500
001 zz2006923079
003 NUKAT
005 20260325113644.0
008 060324s1966 pl a b |001 0 pol c
035 _a(OCoLC)69298100
035 _a(NUKAT)zz2006923079
040 _aWA U/76MW
_bpol
_erda
_cWA U/MW
_dWA U/76JM
_dWR O/djas
_dOLSZT 008/bak
041 0 _apol
_bger
045 2 _bd1530
_bd1939
046 _k1966
100 1 _aChojnacki, Władysław
_d(1920-1991).
_eAutor
_916142
245 1 0 _aBibliografia polskich druków ewangelickich ziem zachodnich i północnych 1530-1939 /
_cWładysław Chojnacki.
250 _aWyd. I.
260 _aWarszawa :
_bWydawnictwo Zwiastun,
_c1966.
300 _aXXIV, 277, [1] strona :
_bilustracje ;
_c24 cm.
336 _aTekst
_btxt
_2rdacontent
337 _aBez urządzenia pośredniczącego
_bn
_2rdamedia
338 _aWolumin
_bnc
_2rdacarrier
380 _aKsiążki
380 _aPublikacje informacyjne
388 1 _a1901-2000
388 1 _a1945-1989
504 _aIndeks.
546 _aStreszczenie wstępu w języku niemieckim.
610 2 7 _aKościół Ewangelicko-Augsburski w Polsce
_2DBN
_938931
648 7 _a1901-2000
_2DBN
_934996
648 7 _a1501-1600
_2DBN
_936032
648 7 _a1601-1700
_2DBN
_936034
648 7 _a1701-1800
_2DBN
_936035
648 7 _a1801-1900
_2DBN
_936037
648 7 _a1901-1914
_2DBN
_936038
648 7 _a1914-1918
_2DBN
_936040
648 7 _a1918-1939
_2DBN
_936041
650 7 _aMazurzy
_2DBN
_938043
650 7 _aPolacy
_2DBN
_935100
650 7 _aProtestanci
_2DBN
_938932
650 7 _aDruki polskie
_zDawne terytoria niemieckie na Wschodzie
_vbibliografia.
_2kaba
_938936
650 7 _aKościół ewangelicko-augsburski
_zDawne terytoria niemieckie na Wschodzie
_vbibliografia.
_2kaba
_938934
651 7 _aMazury
_2DBN
_935176
651 7 _aPolska (część północno-zachodnia)
_2DBN
_938933
651 7 _aPrusy Wschodnie
_2DBN
_935154
651 7 _aWarmia
_2DBN
_935166
655 7 _aBibliografia
_2DBN
_935674
658 _aBibliotekarstwo, archiwistyka, muzealnictwo
658 _aReligia i duchowość
710 2 _aWydawnictwo "Zwiastun".
_eWydawca
_4pbl
_928370
942 _2ddc
_cBK_NM
999 _c27261
_d27261